000 01898nam a22002657a 4500
999 _c1443
_d1443
003 OSt
005 20191009204006.0
008 170725b xxu||||| |||| 00| 0 esp d
040 _cDO-SdBJH
_aDO-SdBJH
_bspa
090 _aTG AMBC
_b00984 2015
100 1 _aBeato Severino, Jesús Alfredo
_esustentante
245 1 0 _aPropuesta de Manual de Instrucción de Policía Militar, para su implementación en el Ejército de República Dominicana, 2015-2020 /
_cJesús Alfredo Beato Severino, Jeremi Almonte Verás, asesores Darwin Jiménez Liriano, Tebi Enrique Rodríguez Hernández
260 _aSanto Domingo Este :
_bINSUDE,
_c2015
300 _axiv, 55 páginas
502 _aTrabajo de grado (Licenciado en Ciencias Militares) -- Instituto Superior para la Defensa (INSUDE). -- Academia “Militar Batalla de las Carreras” del Ejército de República Dominicana, 2015.
504 _aIncluye referencias bibliográficas e índices
505 _aLos antecedentes históricos de propuesta de instrucción de Policía Militar. -- Aspectos generales de la Policía Militar en el Ejercito de República Dominicana y otras Naciones de Latinoamérica. -- Las fortalezas, oportunidades, amenazas y debilidades del Ejército de República en cuanto a la propuesta de Manual de instrucción de la Policía Nacional para su implementación en el Ejército de República Dominicana
650 4 _aCreación de un manual de instrucción de Policía Militar -- Implementación en el Ejército (propuesta)
651 4 _aRepública Dominicana. Ejército -- Policía Militar
700 1 _aAlmonte Verás, Jeremi
_esustentante
700 1 _aJiménez Liriano, Darwin
_easesor
700 1 _aRodríguez Hernández, Tebi Enrique
_easesor
830 _aINSUDE. “Academia “Militar Batalla de las Carreras” del Ejército de República Dominicana”. Tesis y disertaciones académicas
942 _2CL
_cT